[Event "Johannesburg PSS Prestige op"]
[Site "Johannesburg"]
[Date "2017.04.23"]
[Round "9"]
[White "Alice, Mateus Felizardo Vi"]
[Black "Hercules, Benjamin Vincent"]
[Result "1-0"]
[WhiteElo "2173"]
[BlackElo "2163"]
[PlyCount "217"]
[EventDate "2017.04.22"]
[EventType "swiss (rapid)"]
[EventRounds "10"]
[EventCountry "RSA"]
[SourceTitle "CBM 177 Extra"]
[Source "ChessBase"]
[SourceDate "2017.04.27"]
[SourceVersion "1"]
[SourceVersionDate "2017.04.27"]
[SourceQuality "1"]

1. e4 c5 2. Nf3 Nc6 3. Bb5 g6 4. 0-0 Bg7 5. Re1 Nf6 6. c3 0-0 7. d4 d5 8. e5 Ne4 9. Nbd2 cxd4 10. Nxe4 dxe4 11. Bxc6 bxc6 12. Nxd4 c5 13. Nb3 Qc7 14. Qd5 Bb7 15. Qxc5 Bxe5 16. Qxc7 Bxc7 17. Nc5 Bc6 18. Nxe4 Rab8 19. Nc5 Bd6 20. Nb3 Rfd8 21. Be3 Rd7 22. Nd4 Ba8 23. b3 Be5 24. Rac1 Rc8 25. Ne2 Rcd8 26. c4 a6 27. Bb6 Rb8 28. Ba5 Bc6 29. Rcd1 Rbb7 30. Bc3 Bc7 31. Nd4 Rd6 32. Nxc6 Rxc6 33. g3 Bd6 34. Ba1 Kf8 35. Be5 Bxe5 36. Rxe5 f6 37. Red5 Rb8 38. Rd8+ Rxd8 39. Rxd8+ Kf7 40. Kf1 Re6 41. Rd2 f5 42. f4 h6 43. Re2 Rd6 44. Ke1 g5 45. c5 Rc6 46. Re5 e6 47. b4 Rc8 48. Kd2 gxf4 49. gxf4 Ke7 50. a4 Rg8 51. Re2 Rg4 52. Rf2 e5 53. b5 axb5 54. axb5 e4 55. Ke3 Rg1 56. Rb2 Kd7 57. b6 Kc8 58. Kd4 Rc1 59. Kd5 Kb7 60. Ra2 Rd1+ 61. Ke6 e3 62. Re2 Rc1 63. Kxf5 Rxc5+ 64. Kg4 Kxb6 65. Rxe3 Kc6 66. Re6+ Kd7 67. Rxh6 Ke7 68. Rh5 Rc1 69. Rf5 Rg1+ 70. Kh5 Ke6 71. Rg5 Rf1 72. Kg4 Kf6 73. h4 Rg1+ 74. Kf3 Rf1+ 75. Ke3 Ra1 76. Rb5 Ra3+ 77. Ke4 Ra4+ 78. Kf3 Ra1 79. Rb6+ Kf5 80. Rb5+ Kf6 81. Rg5 Rf1+ 82. Kg4 Rg1+ 83. Kh5 Rf1 84. Kg4 Rg1+ 85. Kf3 Rh1 86. h5 Rf1+ 87. Ke3 Re1+ 88. Kf2 Ra1 89. Rb5 Ra3 90. Kg2 Ra1 91. h6 Kg6 92. Rb6+ Kh7 93. Kf3 Ra3+ 94. Kg4 Ra5 95. Rc6 Rb5 96. Re6 Ra5 97. Rb6 Rc5 98. Kf3 Rc4 99. Rf6 Ra4 100. Kg4 Ra5 101. f5 Ra1 102. Re6 Ra2 103. Kg5 Ra7 104. Re5 Rf7 105. f6 Rf8 106. Re7+ Kh8 107. f7 Ra8 108. Re8+ Kh7 109. f8N+ 1-0

[Event "Johannesburg PSS Prestige op"]
[Site "Johannesburg"]
[Date "2017.04.22"]
[Round "2"]
[White "Hercules, Benjamin Vincent"]
[Black "Paiva, Donaldo"]
[Result "1-0"]
[WhiteElo "2163"]
[BlackElo "2159"]
[PlyCount "92"]
[EventDate "2017.04.22"]
[EventType "swiss (rapid)"]
[EventRounds "10"]
[EventCountry "RSA"]
[SourceTitle "CBM 177 Extra"]
[Source "ChessBase"]
[SourceDate "2017.04.27"]
[SourceVersion "1"]
[SourceVersionDate "2017.04.27"]
[SourceQuality "1"]

1. d4 Nf6 2. c4 e6 3. g3 d5 4. Bg2 Be7 5. Nf3 0-0 6. 0-0 Nbd7 7. cxd5 exd5 8. Nc3 Re8 9. Bf4 c6 10. Re1 Bf8 11. Qc2 Nb6 12. a4 a6 13. Ne5 Nfd7 14. Nd3 Nf6 15. Ne5 Nfd7 16. Nd3 Nf6 17. Nc5 Nbd7 18. b4 a5 19. Nxd7 Bxd7 20. b5 Bb4 21. Bd2 Qb6 22. bxc6 bxc6 23. e3 Rac8 24. Rab1 g6 25. Rb2 Qc7 26. Na2 Ba3 27. Rb3 Bd6 28. Qb2 Ne4 29. Rb7 Qd8 30. Rc1 Bf5 31. Be1 c5 32. dxc5 Nxc5 33. Ra7 Nd3 34. Rxc8 Bxc8 35. Qc3 Nxe1 36. Qxe1 d4 37. Bc6 Bc5 38. Rxa5 Bb6 39. Rd5 dxe3 40. fxe3 Be6 41. Rxd8 Rxd8 42. Nc3 Bc4 43. Kg2 Ba5 44. Qc1 Rd6 45. Bb5 Be6 46. e4 Rd4 1-0

[Event "Johannesburg PSS Prestige op"]
[Site "Johannesburg"]
[Date "2017.04.22"]
[Round "7"]
[White "Mosetlhe, Kgaugelo"]
[Black "Hercules, Benjamin Vincent"]
[Result "1/2-1/2"]
[WhiteElo "2162"]
[BlackElo "2163"]
[PlyCount "135"]
[EventDate "2017.04.22"]
[EventType "swiss (rapid)"]
[EventRounds "10"]
[EventCountry "RSA"]
[SourceTitle "CBM 177 Extra"]
[Source "ChessBase"]
[SourceDate "2017.04.27"]
[SourceVersion "1"]
[SourceVersionDate "2017.04.27"]
[SourceQuality "1"]

1. Nf3 c5 2. g3 Nc6 3. d4 cxd4 4. Nxd4 d5 5. Nxc6 bxc6 6. Bg2 Nf6 7. 0-0 e6 8. c4 Be7 9. Qc2 0-0 10. Rd1 Ba6 11. b3 Qb6 12. Nc3 Ng4 13. e3 dxc4 14. Na4 Qc7 15. bxc4 Ne5 16. c5 Rfd8 17. Bb2 Bd3 18. Qc1 Bf6 19. Bd4 Bg6 20. Nb2 Bh5 21. Re1 Rab8 22. Qc3 Bf3 23. Nc4 Bxg2 24. Kxg2 Nxc4 25. Bxf6 gxf6 26. Qxc4 Qe5 27. Rab1 Rxb1 28. Rxb1 Qd5+ 29. Qxd5 Rxd5 30. Rc1 Rd2 31. a3 Rd3 32. a4 Ra3 33. Rc4 f5 34. h3 Kg7 35. g4 Kf6 36. gxf5 Kxf5 37. Rf4+ Kg6 38. Rg4+ Kf6 39. Rf4+ Ke7 40. Rc4 e5 41. Rh4 Rc3 42. Rxh7 Rxc5 43. Rh4 a5 44. Rg4 Rc1 45. h4 Rb1 46. h5 Rb4 47. Kh3 Rxg4 48. Kxg4 Kf6 49. h6 Kg6 50. h7 f5+ 51. Kh4 Kxh7 52. Kg5 c5 53. Kxf5 c4 54. Ke4 Kg6 55. f4 exf4 56. exf4 c3 57. Kd3 Kf5 58. Kxc3 Kxf4 59. Kc4 Ke5 60. Kc5 Ke6 61. Kb5 Kd5 62. Kxa5 Kc5 63. Ka6 Kc6 64. Ka7 Kc7 65. a5 Kc8 66. Kb6 Kb8 67. a6 Ka8 68. a7 1/2-1/2